| 000 | 00680nam a2200205 a 4500 | ||
|---|---|---|---|
| 008 | 120416s1974 ||||||||||||||||| || u | ||
| 020 | _a0538196408 | ||
| 050 | _aHD 1375 Ung | ||
| 100 | _aUnger, Maurice Albert, 1917- | ||
| 245 | 1 | 0 | _aReal estate |
| 246 | _aprinciples and practices | ||
| 250 | _a5th ed. | ||
| 260 |
_aCincinnati _bSouth-western Pub. Co _c1974 |
||
| 300 | _aviii, 760p. : ill. | ||
| 350 | _a0.00 | ||
| 500 | _aIncludes bibliographical references. | ||
| 650 | _aESTATE | ||
| 650 | _aREAL ESTATE BUSINESS | ||
| 995 |
_D0.00 _FCBU-MAIN LIBRARY (Kitwe) _H1 _I13.50 _M1 _UDAMAGED _ZMain Library Open Access Collection |
||
| 999 |
_c55691 _d55691 |
||